[Event "Washington Washington, DC"]
[Site "Washington DC Washington"]
[Date "1991.??.??"]
[Round "?"]
[White "Ftacnik, Lubomir"]
[Black "Orlov, Georgy"]
[Result "0-1"]
[WhiteElo "2590"]
[BlackElo "2500"]
[PlyCount "102"]
[EventDate "1991.??.??"]
[Source "www.chesslib.no"]
[SourceDate "2004.05.04"]

1. d4 Nf6 2. Nf3 e6 3. c4 Nc6 4. a3 d6 5. Nc3 Be7 6. e4 O-O 7. Bd3 e5 8. d5 Nb8 9. Nd2 a5 10. Rb1 Na6 11. O-O g6 12. b4 axb4 13. axb4 Nh5 14. g3 Bh3 15. Re1 Qe8 16. Be2 Ng7 17. c5 dxc5 18. b5 Nb4 19. Nc4 b6 20. Nxe5 Bf6 21. f4 Bxe5 22. fxe5 Qxe5 23. Qd2 Ne8 24. Rb3 Ra1 25. Rd1 Nd6 26. Qb2 Rfa8 27. Bf1 Qh5 28. Bxh3 Qxh3 29. Qe2 Na2 30. Nxa2 R8xa2 31. Bb2 Rxd1+ 32. Qxd1 Nxe4 33. Qe2 Qf5 34. Re3 Ra4 35. Qc2 Rc4 36. Ra3 Rd4 37. Bxd4 cxd4 38. Rd3 Nc5 39. Rd2 Qxd5 40. Re2 Kg7 41. Qb2 Nd3 42. Qc2 Nc5 43. Qb2 Na4 44. Qb4 Nc3 45. Rd2 Nxb5 46. Qe7 c5 47. Rf2 d3 48. Qf6+ Kg8 49. Qf4 Nd4 50. Qb8+ Kg7 51. Qxb6 Ne2+ 0-1

[Event "Biel"]
[Site "Biel"]
[Date "1987.??.??"]
[Round "?"]
[White "Lobron, Eric"]
[Black "Romanishin, Oleg M"]
[Result "1/2-1/2"]
[WhiteElo "2530"]
[BlackElo "2555"]
[PlyCount "57"]
[EventDate "1987.07.??"]
[Source "ChessBase"]

1. d4 Nf6 2. c4 e6 3. Nf3 c5 4. e3 Be7 5. Nc3 d6 6. Be2 O-O 7. O-O a6 8. b3 Nbd7 9. Bb2 b6 10. a4 Rb8 11. d5 e5 12. Ne1 Ne8 13. e4 g6 14. Nd3 Ng7 15. Kh1 f5 16. exf5 Nxf5 17. Bg4 Nf6 18. Bxf5 Bxf5 19. f3 Qd7 20. Nf2 Qc7 21. g4 Bd7 22. Qe2 b5 23. axb5 axb5 24. f4 bxc4 25. fxe5 dxe5 26. bxc4 Qb7 27. Rab1 Qa6 28. Ra1 Qb7 29. Rab1 1/2-1/2

[Event "Moscow ol (Men)"]
[Site "Moscow"]
[Date "1994.??.??"]
[Round "7"]
[White "Kozul, Zdenko"]
[Black "Gausel, Einar"]
[Result "1/2-1/2"]
[WhiteElo "2575"]
[BlackElo "2505"]
[PlyCount "102"]
[EventDate "1994.11.??"]
[Source "ChessBase"]

1. d4 Nf6 2. Nf3 e6 3. c4 c5 4. d5 b5 5. Bg5 Qa5+ 6. Qd2 Qxd2+ 7. Nfxd2 bxc4 8. Bxf6 gxf6 9. Nc3 Na6 10. Nxc4 Rb8 11. O-O-O Nc7 12. e4 Ba6 13. g3 h5 14. h4 Nb5 15. Nxb5 Bxb5 16. Kc2 Bxc4 17. Bxc4 Rb6 18. Rd3 Bd6 19. Ra3 Be5 20. b3 Rb7 21. Kd2 Ke7 22. Ra6 d6 23. Rc1 Bd4 24. Ke1 Ra8 25. Be2 f5 26. exf5 exf5 27. Kf1 f4 28. Bxh5 fxg3 29. Re1+ Kf8 30. fxg3 Rb6 31. Ra3 a5 32. Re2 Rb4 33. Rc2 Be5 34. Kg2 Kg7 35. Rf2 Ra7 36. Rd2 Kh6 37. Be2 Re4 38. Bf3 Re3 39. Ra4 f5 40. Re2 Rd3 41. g4 fxg4 42. Rxg4 Rg7 43. Rxg7 Kxg7 44. Kf2 Kf6 45. h5 Kg5 46. Be4 Bd4+ 47. Kg2 Re3 48. Rxe3 Bxe3 49. Kf3 Bd4 50. Bg6 c4 51. bxc4 a4 1/2-1/2

[Event "Reims"]
[Site "Reims"]
[Date "1994.??.??"]
[Round "?"]
[White "Pinter, J."]
[Black "Legky, N."]
[Result "0-1"]
[WhiteElo "2555"]
[BlackElo "2525"]
[PlyCount "74"]
[EventDate "1994.??.??"]
[Source "www.chesslib.no"]
[SourceDate "2004.05.04"]

1. d4 e6 2. c4 Nf6 3. Nf3 a6 4. Bg5 d5 5. e3 Nbd7 6. Nc3 h6 7. Bh4 Be7 8. Rc1 O-O 9. cxd5 exd5 10. Bd3 c6 11. O-O Ne4 12. Bxe7 Qxe7 13. Bxe4 dxe4 14. Nd2 Nf6 15. Qc2 Re8 16. b4 Bf5 17. a3 Rad8 18. Rfe1 Nd5 19. Ne2 h5 20. Qc5 Qg5 21. Ng3 h4 22. Nxf5 Qxf5 23. h3 Re6 24. Qc2 Rde8 25. f3 Rg6 26. fxe4 Qxh3 27. Nf1 Nc3 28. e5 Ree6 29. Qb2 Ne4 30. Re2 Qf5 31. Nh2 Rg3 32. Rf1 Qh5 33. Rf4 Ng5 34. Kf2 Rg6 35. Ke1 h3 36. gxh3 Nxh3 37. Re4 Rg1+ 0-1

[Event "Graz op-A"]
[Site "Graz"]
[Date "1999.??.??"]
[Round "3"]
[White "Burmakin, Vladimir"]
[Black "Shchekachev, Andrei"]
[Result "1/2-1/2"]
[WhiteElo "2575"]
[BlackElo "2505"]
[PlyCount "104"]
[EventDate "1999.09.17"]
[Source "www.chesslib.no"]
[SourceDate "2004.05.04"]

1. d4 Nf6 2. Nf3 e6 3. c4 c5 4. d5 d6 5. dxe6 Bxe6 6. Nc3 Nc6 7. e4 g6 8. Be2 Bg7 9. O-O O-O 10. h3 Qb6 11. Rb1 Nd4 12. b3 Bd7 13. Bd3 Bc6 14. Bb2 Rae8 15. Re1 Nh5 16. Nxd4 Bxd4 17. Nb5 Be5 18. Bf1 Re6 19. Bxe5 dxe5 20. Nc3 Ree8 21. Nd5 Qd8 22. b4 cxb4 23. Nxb4 Qe7 24. Nxc6 bxc6 25. Qa4 Rc8 26. c5 Nf4 27. Qa3 Ne6 28. Rec1 Rb8 29. Rb4 Nd4 30. Qb2 Rxb4 31. Qxb4 Rd8 32. Bc4 Kg7 33. Rb1 Rd7 34. a4 Qh4 35. Qe1 Qg5 36. Qc3 Qf4 37. Qe3 Qf6 38. Qc3 Qh4 39. Qe1 Nc2 40. Qe2 Qf4 41. g3 Qd2 42. Qxd2 Rxd2 43. Rb7 Rd1+ 44. Kh2 a5 45. Bxf7 Kh8 46. Re7 Ne1 47. Be8 Rc1 48. Bxc6 Rxc5 49. Bd5 g5 50. Kg1 h5 51. Kf1 Nf3 52. Ke2 Rc3 1/2-1/2

[Event "Monarch Assurance op 11th"]
[Site "Port Erin"]
[Date "2002.09.29"]
[Round "2"]
[White "Fridman, Daniel"]
[Black "Ward, Christopher"]
[Result "1/2-1/2"]
[WhiteElo "2577"]
[BlackElo "2498"]
[PlyCount "51"]
[EventDate "2002.09.28"]
[Source "ChessBase"]
[SourceDate "2002.11.06"]

1. d4 Nf6 2. c4 e6 3. Nf3 c5 4. e3 a6 5. dxc5 Bxc5 6. a3 b6 7. b4 Be7 8. Bb2 Bb7 9. Bd3 d5 10. Nbd2 Nbd7 11. O-O O-O 12. Qb1 dxc4 13. Nxc4 Bxf3 14. gxf3 Qc7 15. Rc1 Qb7 16. Be4 Nxe4 17. Qxe4 Qxe4 18. fxe4 Rfc8 19. e5 b5 20. Na5 f6 21. exf6 Bxf6 22. Bxf6 Nxf6 23. Nc6 Kf8 24. f3 Nd5 25. Rc5 a5 26. Nd4 1/2-1/2

[Event "Zaragoza op"]
[Site "Zaragoza"]
[Date "1996.??.??"]
[Round "4"]
[White "Nikcevic, Nebojsa"]
[Black "Romanishin, Oleg M"]
[Result "1/2-1/2"]
[WhiteElo "2485"]
[BlackElo "2590"]
[PlyCount "53"]
[EventDate "1996.04.??"]
[Source "www.chesslib.no"]
[SourceDate "2004.05.04"]

1. d4 Nf6 2. Nf3 e6 3. c4 a6 4. Nc3 c5 5. d5 b5 6. Bg5 b4 7. Ne4 Be7 8. Bxf6 Bxf6 9. dxe6 fxe6 10. Nd6+ Kf8 11. Nxc8 Qxc8 12. Rb1 Qc7 13. e3 Nc6 14. Bd3 Rb8 15. h4 Ke7 16. Qc2 h6 17. Ke2 g5 18. g4 Ne5 19. hxg5 hxg5 20. Nxe5 Qxe5 21. Bh7 Rbf8 22. Qe4 Qxe4 23. Bxe4 Rxh1 24. Bxh1 Rd8 25. b3 d5 26. Rd1 d4 27. Be4 1/2-1/2

[Event "MK Cafe Cup-A"]
[Site "Koszalin"]
[Date "1999.08.10"]
[Round "7"]
[White "Kharitonov, Andrei Y"]
[Black "Brodsky, Michail"]
[Result "1/2-1/2"]
[WhiteElo "2559"]
[BlackElo "2512"]
[PlyCount "48"]
[EventDate "1999.08.03"]
[Source "ChessBase"]
[SourceDate "1999.12.01"]

1. d4 Nf6 2. c4 e6 3. Nf3 Nc6 4. a3 d6 5. Nc3 g6 6. d5 Nb8 7. e4 Bg7 8. Be2 O-O 9. O-O Re8 10. dxe6 Bxe6 11. Nd4 Bd7 12. f3 Nc6 13. Be3 Nh5 14. Nd5 f5 15. Nb5 f4 16. Nxf4 Nxf4 17. Bxf4 Bxb2 18. Rb1 Bg7 19. Qd2 Be6 20. Kh1 b6 21. Be3 Qd7 22. Rbc1 a6 23. Nd4 Nxd4 24. Bxd4 Bxd4 1/2-1/2

[Event "FRA-ch"]
[Site "Narbonne"]
[Date "1997.08.22"]
[Round "7"]
[White "Vaisser, Anatoli"]
[Black "Koch, Jean Rene"]
[Result "1-0"]
[WhiteElo "2575"]
[BlackElo "2495"]
[PlyCount "55"]
[EventDate "1997.08.15"]
[Source "ChessBase"]
[SourceDate "1997.11.23"]

1. d4 Nf6 2. c4 c5 3. d5 b5 4. Nf3 e6 5. Bg5 b4 6. e4 d6 7. Bd3 a5 8. Nbd2 Be7 9. dxe6 Bxe6 10. h3 Nc6 11. Bc2 O-O 12. Ba4 Qc7 13. O-O h6 14. Bf4 Nd7 15. Rc1 Nb6 16. Re1 Ne5 17. Bxe5 dxe5 18. Bb5 Rfd8 19. Qc2 Bg5 20. Nxg5 hxg5 21. Nf1 Rd4 22. Ne3 Nc8 23. Nd5 Qb7 24. Rcd1 Nd6 25. Rxd4 cxd4 26. Bc6 Qa7 27. Bxa8 Qxa8 28. c5 1-0

[Event "Moscow ol (Men)"]
[Site "Moscow"]
[Date "1994.??.??"]
[Round "9"]
[White "Van der Sterren, Paul"]
[Black "Ionescu, Constantin"]
[Result "1-0"]
[WhiteElo "2605"]
[BlackElo "2465"]
[PlyCount "111"]
[EventDate "1994.11.??"]
[Source "ChessBase"]

1. d4 Nf6 2. Nf3 e6 3. c4 c5 4. d5 d6 5. Nc3 g6 6. e4 Bg7 7. h3 O-O 8. Bg5 Na6 9. Bd3 Nc7 10. a4 Re8 11. O-O h6 12. Bh4 g5 13. Bg3 Nh5 14. Bh2 Nf4 15. dxe6 Ncxe6 16. Re1 Bd7 17. Qd2 Bc6 18. Nd5 Bxb2 19. Qxb2 Bxd5 20. Bxf4 Nxf4 21. exd5 Nxd3 22. Rxe8+ Qxe8 23. Qf6 Qf8 24. Rb1 b6 25. Qf5 Nf4 26. h4 Qg7 27. hxg5 hxg5 28. Nxg5 Ne2+ 29. Kf1 Nd4 30. Qf4 Re8 31. Ne4 f5 32. Nxd6 Qh8 33. Qg3+ Kf8 34. Qh3 Qxh3 35. gxh3 Rd8 36. Nb5 Nf3 37. Kg2 Ne5 38. Na3 Kf7 39. a5 Rg8+ 40. Kf1 Rg6 41. a6 f4 42. Nb5 Nxc4 43. Rd1 Ke8 44. Nxa7 Kd7 45. Nb5 Nd6 46. a7 Rg8 47. Nxd6 Kxd6 48. Rb1 Kc7 49. Ra1 Ra8 50. h4 Kd6 51. h5 Kxd5 52. h6 b5 53. h7 b4 54. Ra6 c4 55. Rb6 c3 56. Ke2 1-0

[Event "Graz"]
[Site "?"]
[Date "2006.11.03"]
[Round "1"]
[White "Horvath Jozsef"]
[Black "Bunzmann Dimitrij"]
[Result "1/2-1/2"]
[WhiteElo "2539"]
[BlackElo "2530"]
[PlyCount "22"]
[EventDate "2006.??.??"]
[Source "www.chesslib.no"]
[SourceDate "2004.05.04"]

1. Nf3 Nf6 2. c4 e6 3. d4 c5 4. e3 g6 5. Nc3 Bg7 6. Be2 O-O 7. O-O d6 8. b3 Qe7 9. Bb2 Rd8 10. Qc2 Nc6 11. Rad1 b6 1/2-1/2

[Event "otb"]
[Site "otb"]
[Date "2007.03.20"]
[Round "7"]
[White "Chuprov Dmitry"]
[Black "Ovetchkin Roman"]
[Result "0-1"]
[WhiteElo "2534"]
[BlackElo "2534"]
[PlyCount "90"]
[Source "www.chesslib.no"]
[SourceDate "2004.05.04"]

1. d4 Nf6 2. Nf3 e6 3. c4 c5 4. d5 b5 5. dxe6 fxe6 6. cxb5 d5 7. g3 a6 8. bxa6 Nc6 9. Bg2 Bd6 10. O-O O-O 11. b3 Bxa6 12. Bb2 Qe8 13. Nbd2 Rd8 14. Re1 e5 15. e4 Nb4 16. exd5 Nd3 17. Nc4 Bxc4 18. bxc4 Nxb2 19. Qc2 e4 20. Qxb2 Qh5 21. Nh4 Be5 22. Qc1 Rde8 23. Rb1 Bd4 24. h3 Nd7 25. Rb2 Qe5 26. Nf3 Rxf3 27. Bxf3 Bxb2 28. Qf4 Qxf4 29. gxf4 Nf6 30. Bg4 Ra8 31. Kg2 Kf7 32. Bf5 Bd4 33. Rb1 Ke7 34. Rb6 g6 35. d6+ Kd8 36. Be6 Nh5 37. f5 Ng7 38. Bd5 Rxa2 39. Bc6 Rxf2+ 40. Kh1 Rb2 41. Bb5 Rxb5 42. cxb5 Nxf5 43. Kg2 c4 44. Rb8+ Kd7 45. b6 Kxd6 0-1

[Event "ROM-chT"]
[Site "ROM"]
[Date "2001.??.??"]
[Round "1"]
[White "Dumitrache, Dragos"]
[Black "Marin, Mihail"]
[Result "1-0"]
[WhiteElo "2500"]
[BlackElo "2565"]
[PlyCount "59"]
[EventDate "2001.10.??"]
[Source "ChessBase"]
[SourceDate "2002.01.21"]

1. d4 Nf6 2. c4 e6 3. Nf3 c5 4. e3 g6 5. Nc3 Bg7 6. Be2 O-O 7. O-O d6 8. b3 b6 9. Bb2 Bb7 10. Qc2 Nc6 11. Rad1 Qe7 12. Qb1 Rfd8 13. Rfe1 Rac8 14. d5 exd5 15. cxd5 Nb4 16. e4 Nh5 17. a3 Na6 18. Nb5 Bxb2 19. Qxb2 Ra8 20. e5 dxe5 21. Nxe5 Rxd5 22. Ng4 Qe6 23. Nh6+ Kf8 24. Bxh5 Rxd1 25. Rxd1 gxh5 26. Qh8+ Ke7 27. Ng8+ Kf8 28. Nd6 Be4 29. Re1 Rd8 30. Nxe4 1-0